<?xml version="1.0" encoding="UTF-8"?><?xml-stylesheet type="text/xsl" href="static/style.xsl"?><OAI-PMH xmlns="http://www.openarchives.org/OAI/2.0/" xmlns:xsi="http://www.w3.org/2001/XMLSchema-instance" xsi:schemaLocation="http://www.openarchives.org/OAI/2.0/ http://www.openarchives.org/OAI/2.0/OAI-PMH.xsd"><responseDate>2026-04-14T02:45:13Z</responseDate><request verb="GetRecord" identifier="oai:www.recercat.cat:2445/195309" metadataPrefix="marc">https://recercat.cat/oai/request</request><GetRecord><record><header><identifier>oai:recercat.cat:2445/195309</identifier><datestamp>2025-12-04T20:58:53Z</datestamp><setSpec>com_2072_1057</setSpec><setSpec>col_2072_478796</setSpec><setSpec>col_2072_478917</setSpec></header><metadata><record xmlns="http://www.loc.gov/MARC21/slim" xmlns:dcterms="http://purl.org/dc/terms/" xmlns:xsi="http://www.w3.org/2001/XMLSchema-instance" xmlns:doc="http://www.lyncode.com/xoai" xsi:schemaLocation="http://www.loc.gov/MARC21/slim http://www.loc.gov/standards/marcxml/schema/MARC21slim.xsd">
   <leader>00925njm 22002777a 4500</leader>
   <datafield ind2=" " ind1=" " tag="042">
      <subfield code="a">dc</subfield>
   </datafield>
   <datafield ind2=" " ind1=" " tag="720">
      <subfield code="a">Biserova Tahchieva, Alisiya</subfield>
      <subfield code="e">author</subfield>
   </datafield>
   <datafield ind2=" " ind1=" " tag="720">
      <subfield code="a">Biezma Moraleda, Maria V.</subfield>
      <subfield code="e">author</subfield>
   </datafield>
   <datafield ind2=" " ind1=" " tag="720">
      <subfield code="a">Llorca i Isern, Núria</subfield>
      <subfield code="e">author</subfield>
   </datafield>
   <datafield ind2=" " ind1=" " tag="720">
      <subfield code="a">Gonzalez Lavin, Judith</subfield>
      <subfield code="e">author</subfield>
   </datafield>
   <datafield ind2=" " ind1=" " tag="720">
      <subfield code="a">Linhardt, Paul</subfield>
      <subfield code="e">author</subfield>
   </datafield>
   <datafield ind2=" " ind1=" " tag="260">
      <subfield code="c">2023-03-15T12:57:13Z</subfield>
   </datafield>
   <datafield ind2=" " ind1=" " tag="260">
      <subfield code="c">2023-03-15T12:57:13Z</subfield>
   </datafield>
   <datafield ind2=" " ind1=" " tag="260">
      <subfield code="c">2023-02-24</subfield>
   </datafield>
   <datafield ind2=" " ind1=" " tag="260">
      <subfield code="c">2023-03-15T12:57:13Z</subfield>
   </datafield>
   <datafield ind2=" " ind1=" " tag="520">
      <subfield code="a">Abstract: Additive manufacturing is an important and promising process of manufacturing due to its increasing demand in all industrial sectors, with special relevance in those related to metallic components since it permits the lightening of structures, producing complex geometries with a minimum waste of material. There are different techniques involved in additive manufacturing that must be carefully selected according to the chemical composition of the material and the final requirements. There is a large amount of research devoted to the technical development and the mechanical properties of the final components; however, not much attention has been paid yet to the corrosion behaviour in different service conditions. The aim of this paper is to deeply analyze the interaction between the chemical composition of different metallic alloys, the additive manufacturing processing, and their corrosion behaviour, determining the effects of the main microstructural features and defects associated with these specific processes, such as grain size, segregation, and porosity, among others. The corrosion resistance of the most-used systems obtained by additive manufacturing (AM) such as aluminum alloys, titanium alloys, and duplex stainless steels is analyzed to provide knowledge that can be a platform to create new ideas for materials manufacturing. Some conclusions and future guidelines for establishing good practices related to corrosion tests are proposed.</subfield>
   </datafield>
   <datafield tag="653" ind2=" " ind1=" ">
      <subfield code="a">Corrosió i anticorrosius</subfield>
   </datafield>
   <datafield tag="653" ind2=" " ind1=" ">
      <subfield code="a">Aliatges</subfield>
   </datafield>
   <datafield tag="653" ind2=" " ind1=" ">
      <subfield code="a">Corrosion and anti-corrosives</subfield>
   </datafield>
   <datafield tag="653" ind2=" " ind1=" ">
      <subfield code="a">Alloys</subfield>
   </datafield>
   <datafield ind2="0" ind1="0" tag="245">
      <subfield code="a">Additive Manufacturing Processes in Selected Corrosion Resistant Materials: A State of Knowledge Review</subfield>
   </datafield>
</record></metadata></record></GetRecord></OAI-PMH>